[Event "Singapore schev"]
[Site "Singapore"]
[Date "2010.02.12"]
[Round "7"]
[White "Chan, Yi Ren Daniel"]
[Black "Mascarinas, Rico"]
[Result "1-0"]
[WhiteElo "2349"]
[BlackElo "2410"]
[PlyCount "53"]
[EventDate "2010.02.12"]
[EventType "schev"]
[EventRounds "10"]
[EventCountry "SIN"]
[SourceTitle "CBM 135 Extra"]
[Source "ChessBase"]
[SourceDate "2010.05.04"]
[SourceVersion "1"]
[SourceVersionDate "2010.05.04"]
[SourceQuality "1"]

1. e4 c5 2. Nf3 e6 3. d4 cxd4 4. Nxd4 Nf6 5. Nc3 d6 6. Bc4 Be7 7. Bb3 Na6 8. Qe2 Nc5 9. g4 h6 10. Rg1 g5 11. f3 a6 12. Be3 Qc7 13. a4 b6 14. 0-0-0 Bb7 15. Kb1 Rc8 16. Bf2 Nfd7 17. h4 Ne5 18. Rh1 Rg8 19. hxg5 hxg5 20. Rh7 Nxb3 21. cxb3 Nc6 22. Rdh1 Nxd4 23. Bxd4 Qc6 24. Qh2 e5 25. Be3 b5 26. Nd5 Qd7 27. Rh8 1-0

[Event "Singapore schev"]
[Site "Singapore"]
[Date "2010.02.12"]
[Round "9"]
[White "Chua, Zheng Yuan Terry"]
[Black "Mascarinas, Rico"]
[Result "1-0"]
[WhiteElo "2247"]
[BlackElo "2410"]
[PlyCount "69"]
[EventDate "2010.02.12"]
[EventType "schev"]
[EventRounds "10"]
[EventCountry "SIN"]
[SourceTitle "CBM 135 Extra"]
[Source "ChessBase"]
[SourceDate "2010.05.04"]
[SourceVersion "1"]
[SourceVersionDate "2010.05.04"]
[SourceQuality "1"]

1. e4 g6 2. d4 Bg7 3. Nc3 d6 4. f4 c6 5. Nf3 Bg4 6. Be3 Qb6 7. Qd2 Qa5 8. 0-0-0 d5 9. h3 Bxf3 10. gxf3 e6 11. Kb1 f5 12. Bf2 Kf7 13. h4 Nf6 14. h5 Nbd7 15. Bd3 Qc7 16. Rdg1 Bh6 17. Be3 Rag8 18. Rh4 dxe4 19. fxe4 Ng4 20. d5 cxd5 21. exd5 e5 22. Nb5 Qb8 23. Rhxg4 fxg4 24. fxe5 Nxe5 25. Bxh6 Nf3 26. Rf1 Qe5 27. Qb4 gxh5 28. Nd6+ Kf6 29. Ne4+ Kf7 30. Qxb7+ Qe7 31. Nd6+ Kf6 32. Qc6 Ke5 33. Nf5 Rc8 34. Nxe7 Rxc6 35. dxc6 1-0

[Event "Singapore schev"]
[Site "Singapore"]
[Date "2010.02.12"]
[Round "5"]
[White "Fernandez, Daniel Howard"]
[Black "Mascarinas, Rico"]
[Result "1-0"]
[WhiteElo "2288"]
[BlackElo "2410"]
[PlyCount "69"]
[EventDate "2010.02.12"]
[EventType "schev"]
[EventRounds "10"]
[EventCountry "SIN"]
[SourceTitle "CBM 135 Extra"]
[Source "ChessBase"]
[SourceDate "2010.05.04"]
[SourceVersion "1"]
[SourceVersionDate "2010.05.04"]
[SourceQuality "1"]

1. e4 c5 2. Nf3 d6 3. b4 cxb4 4. d4 Nf6 5. Bd3 Nc6 6. d5 Ne5 7. Nxe5 dxe5 8. Bb2 Nd7 9. 0-0 g6 10. Qd2 Bg7 11. Qxb4 0-0 12. Ba3 Re8 13. Nd2 Qc7 14. c4 b6 15. Nb3 a5 16. Qd2 a4 17. Nc1 Ba6 18. Ne2 Bxc4 19. Rfc1 b5 20. Bxc4 bxc4 21. Bxe7 Qa7 22. Ba3 Rec8 23. Nc3 Qd4 24. Qc2 Nc5 25. Nb5 Qxe4 26. Nd6 Qxc2 27. Rxc2 Rc7 28. Rxc4 Na6 29. Rxa4 Rd7 30. Rc1 Bf8 31. Rc6 Nc7 32. Rxa8 Nxa8 33. Ne4 Rb7 34. Nf6+ Kh8 35. g4 1-0

[Event "Singapore schev"]
[Site "Singapore"]
[Date "2010.02.12"]
[Round "4"]
[White "Mascarinas, Rico"]
[Black "Chua, Zheng Yuan Terry"]
[Result "1/2-1/2"]
[WhiteElo "2410"]
[BlackElo "2247"]
[PlyCount "21"]
[EventDate "2010.02.12"]
[EventType "schev"]
[EventRounds "10"]
[EventCountry "SIN"]
[SourceTitle "CBM 135 Extra"]
[Source "ChessBase"]
[SourceDate "2010.05.04"]
[SourceVersion "1"]
[SourceVersionDate "2010.05.04"]
[SourceQuality "1"]

1. d4 Nf6 2. Nf3 c5 3. e3 g6 4. b3 Bg7 5. Bb2 b6 6. Bd3 Bb7 7. Nbd2 d6 8. 0-0 0-0 9. c4 Nbd7 10. d5 e5 11. e4 1/2-1/2

[Event "Singapore Vision IM 8th"]
[Site "Singapore"]
[Date "2009.03.20"]
[Round "5"]
[White "Shanmugam, Ravindran"]
[Black "Mascarinas, Rico"]
[Result "0-1"]
[WhiteElo "2300"]
[BlackElo "2416"]
[PlyCount "70"]
[EventDate "2009.03.18"]
[EventType "tourn"]
[EventRounds "10"]
[EventCountry "SIN"]
[EventCategory "3"]
[SourceTitle "EXT 2022"]
[Source "ChessBase"]
[SourceDate "2021.10.06"]
[SourceVersion "1"]
[SourceVersionDate "2021.10.06"]
[SourceQuality "1"]

1. e4 c5 2. d3 d5 3. exd5 Qxd5 4. Nc3 Qd7 5. Nf3 Nc6 6. g3 g6 7. Bg2 Bg7 8. 0-0 Nh6 9. Bf4 0-0 10. Re1 f6 11. Nd2 e5 12. Be3 b6 13. Qf3 Bb7 14. Qd5+ Qxd5 15. Nxd5 Nf5 16. Nc4 Rf7 17. Bd2 Rd8 18. Nce3 Ncd4 19. Rac1 Nxe3 20. Nxe3 Nf3+ 21. Bxf3 Bxf3 22. a4 e4 23. Nc4 exd3 24. Re3 Bc6 25. Rxd3 Rxd3 26. cxd3 Bxa4 27. d4 cxd4 28. Nd6 Rf8 29. Rc7 Rd8 30. Rxa7 Bb3 31. Nb5 Bc4 32. Nc7 Bf8 33. Na6 d3 34. Nc7 Rd7 35. Nb5 Bxb5 0-1

[Event "Singapore Vision IM 8th"]
[Site "Singapore"]
[Date "2009.03.18"]
[Round "1"]
[White "Mascarinas, Rico"]
[Black "Koh, Jonathan"]
[Result "1-0"]
[WhiteElo "2416"]
[BlackElo "2237"]
[PlyCount "87"]
[EventDate "2009.03.18"]
[EventType "tourn"]
[EventRounds "10"]
[EventCountry "SIN"]
[EventCategory "3"]
[SourceTitle "EXT 2022"]
[Source "ChessBase"]
[SourceDate "2021.10.06"]
[SourceVersion "1"]
[SourceVersionDate "2021.10.06"]
[SourceQuality "1"]

1. e4 c5 2. Nf3 d6 3. c3 Nf6 4. Be2 Nc6 5. Qc2 e5 6. 0-0 g6 7. d4 cxd4 8. cxd4 exd4 9. Rd1 Qb6 10. Na3 Be6 11. Nb5 Rc8 12. Qa4 Nxe4 13. Nfxd4 Nc5 14. Qa3 Nxd4 15. Nxd4 d5 16. Bb5+ Nd7 17. Bxd7+ Bxd7 18. Re1+ Kd8 19. Qf3 Bg7 20. Bg5+ f6 21. Qxd5 Rc6 22. Nxc6+ bxc6 23. Qf7 fxg5 24. Qxg7 Re8 25. Qf6+ Kc8 26. Rxe8+ Bxe8 27. Rd1 Bd7 28. Qh8+ Qd8 29. Qxh7 Qe8 30. Qg7 Bg4 31. Rc1 Bd7 32. h3 Qe4 33. Rd1 Qe6 34. Qd4 a5 35. Qa7 Qf5 36. a3 Be6 37. Qa8+ Kc7 38. Qd8+ Kb7 39. Qd3 Qf6 40. Qd6 Qf5 41. Re1 Bd5 42. b4 g4 43. Re7+ Kb6 44. Qc5+ 1-0

[Event "Cairnhill op 21st"]
[Site "Singapore"]
[Date "2003.12.13"]
[Round "9"]
[White "Mascarinas, Rico"]
[Black "Wee, Zhen Yang"]
[Result "1-0"]
[WhiteElo "2399"]
[BlackElo "2099"]
[PlyCount "77"]
[EventDate "2003.12.07"]
[EventType "swiss"]
[EventRounds "9"]
[EventCountry "SIN"]
[SourceTitle "CBM 097 Extra"]
[Source "ChessBase"]
[SourceDate "2004.01.13"]
[SourceVersion "1"]
[SourceVersionDate "2004.01.13"]
[SourceQuality "1"]

1. d4 d5 2. c4 e6 3. Nf3 Nf6 4. g3 Be7 5. Bg2 0-0 6. 0-0 dxc4 7. Ne5 c6 8. Nxc4 b5 9. Ne5 Bb7 10. a4 Qc7 11. Qb3 a6 12. Na3 Nbd7 13. Nd3 c5 14. Bf4 Qc8 15. Bxb7 Qxb7 16. dxc5 Nxc5 17. Nxc5 Bxc5 18. axb5 Bxa3 19. bxa3 axb5 20. a4 b4 21. Rfb1 Nd5 22. Bd2 f5 23. Rb2 Rfb8 24. Qc4 Qd7 25. e4 fxe4 26. Qxe4 Nc3 27. Bxc3 bxc3 28. Rc2 Rc8 29. Rxc3 Rf8 30. Rc6 Rae8 31. a5 Qe7 32. Rc2 Qd7 33. a6 Qa7 34. Raa2 Re7 35. Rc6 e5 36. Re2 Ree8 37. Qd5+ Kh8 38. Qc5 Qd7 39. Rd6 1-0

[Event "Vung Tau zt 3.2a"]
[Site "Vung Tau"]
[Date "2000.05.27"]
[Round "7"]
[White "Mascarinas, Rico"]
[Black "Villamayor, Buenaventura"]
[Result "1/2-1/2"]
[WhiteElo "2415"]
[BlackElo "2474"]
[PlyCount "134"]
[EventDate "2000.05.21"]
[EventType "swiss"]
[EventRounds "9"]
[EventCountry "VIE"]
[SourceTitle "CBM 076 Extra"]
[Source "ChessBase"]
[SourceDate "2000.07.11"]
[SourceVersion "1"]
[SourceVersionDate "2000.07.11"]
[SourceQuality "1"]

1. Nf3 d5 2. g3 Nf6 3. Bg2 c6 4. 0-0 Bf5 5. d3 h6 6. b3 e6 7. Bb2 Be7 8. Nbd2 0-0 9. Ne5 Nbd7 10. e4 Bh7 11. Nxd7 Nxd7 12. Qe2 a5 13. a3 Re8 14. Rfe1 Bf6 15. d4 Qb6 16. e5 Be7 17. c4 dxc4 18. Qxc4 Red8 19. Qc3 Qa7 20. Ne4 Rac8 21. Rac1 Nb6 22. h4 Nd5 23. Qc4 Qb6 24. Nc5 Qa7 25. Bh3 Kh8 26. Qe2 b6 27. Ne4 Bxe4 28. Qxe4 c5 29. Bf1 cxd4 30. Rxc8 Rxc8 31. Bd3 g6 32. h5 Rg8 33. hxg6 Rxg6 34. Qf3 Rg7 35. Re4 Qc7 36. Kg2 Kg8 37. Rg4 Bc5 38. Rxg7+ Kxg7 39. Qh5 Be7 40. Qg4+ Kf8 41. Qxd4 Qc6 42. Be4 Qc5 43. Qd2 Bg5 44. f4 Be7 45. a4 Ne3+ 46. Kf3 Nf5 47. Kg2 h5 48. Qc3 Qxc3 49. Bxc3 Kg7 50. Kh3 Bc5 51. Bd3 Kg6 52. g4 hxg4+ 53. Kxg4 Bg1 54. Be1 Bc5 55. Bh4 Bg1 56. Bd8 Bc5 57. Bc2 Bd4 58. Kf3 Kg7 59. Ke4 Bg1 60. Bd1 Kf8 61. Kd3 Ke8 62. Bg5 Ne7 63. Kc4 Be3 64. Kd3 Nd5 65. Ke4 Bd2 66. Be2 Bb4 67. Bc4 Ne7 1/2-1/2

[Event "Vung Tau zt 3.2a"]
[Site "Vung Tau"]
[Date "2000.05.25"]
[Round "5"]
[White "Dao, Thien Hai"]
[Black "Mascarinas, Rico"]
[Result "1/2-1/2"]
[WhiteElo "2550"]
[BlackElo "2415"]
[PlyCount "41"]
[EventDate "2000.05.21"]
[EventType "swiss"]
[EventRounds "9"]
[EventCountry "VIE"]
[SourceTitle "CBM 076 Extra"]
[Source "ChessBase"]
[SourceDate "2000.07.11"]
[SourceVersion "1"]
[SourceVersionDate "2000.07.11"]
[SourceQuality "1"]

1. d4 Nf6 2. c4 e6 3. Nc3 Bb4 4. Qc2 d5 5. cxd5 Qxd5 6. e3 c5 7. Bd2 Bxc3 8. bxc3 0-0 9. Nf3 b6 10. Be2 Bb7 11. 0-0 Nbd7 12. a4 Rac8 13. Qb2 c4 14. Ne1 e5 15. f3 e4 16. Qb5 Qe6 17. f4 a6 18. Qg5 Nd5 19. f5 Qe7 20. Qg3 b5 21. Nc2 1/2-1/2

[Event "Vung Tau zt 3.2a"]
[Site "Vung Tau"]
[Date "2000.05.22"]
[Round "2"]
[White "Antonio, Rogelio Jr"]
[Black "Mascarinas, Rico"]
[Result "1/2-1/2"]
[WhiteElo "2551"]
[BlackElo "2415"]
[PlyCount "21"]
[EventDate "2000.05.21"]
[EventType "swiss"]
[EventRounds "9"]
[EventCountry "VIE"]
[SourceTitle "CBM 076 Extra"]
[Source "ChessBase"]
[SourceDate "2000.07.11"]
[SourceVersion "1"]
[SourceVersionDate "2000.07.11"]
[SourceQuality "1"]

1. d4 d5 2. Nf3 Nf6 3. c4 e6 4. Nc3 Be7 5. Bg5 0-0 6. e3 b6 7. cxd5 Nxd5 8. Bxe7 Qxe7 9. Be2 Bb7 10. Rc1 Nf6 11. 0-0 1/2-1/2

[Event "ARG-World"]
[Site "Buenos Aires"]
[Date "1994.??.??"]
[Round "9"]
[White "Mascarinas, Rico"]
[Black "Spangenberg, Hugo"]
[Result "1/2-1/2"]
[WhiteElo "2410"]
[BlackElo "2510"]
[PlyCount "125"]
[EventDate "1994.04.??"]
[EventType "schev"]
[EventRounds "10"]
[EventCountry "ARG"]
[SourceTitle "CBM 042"]
[Source "ChessBase"]
[SourceDate "1994.10.01"]
[SourceVersion "1"]
[SourceVersionDate "1994.10.01"]
[SourceQuality "1"]

1. d4 Nf6 2. Nf3 d5 3. c4 dxc4 4. e3 e6 5. Bxc4 c5 6. 0-0 a6 7. dxc5 Qxd1 8. Rxd1 Bxc5 9. b3 Nbd7 10. Bb2 b5 11. Be2 Bb7 12. a4 bxa4 13. bxa4 Rb8 14. Bc3 Ke7 15. Na3 Ne4 16. Be1 Nb6 17. Nc4 Nd5 18. Rac1 Bb4 19. Bxb4+ Nxb4 20. Na5 Rhc8 21. Nxb7 Rxc1 22. Rxc1 Rxb7 23. Nd4 Kd6 24. g4 Nc5 25. a5 g6 26. f4 Re7 27. Rd1 Nd5 28. Bf3 Rd7 29. Kf2 Kc7 30. Rc1 Kd6 31. Rd1 f6 32. h4 Ke7 33. Nc6+ Kf7 34. f5 Nc7 35. fxe6+ Kxe6 36. Nd4+ Kf7 37. h5 N7e6 38. hxg6+ hxg6 39. Nxe6 Kxe6 40. Rxd7 Kxd7 41. Be2 g5 42. Bc4 Kd6 43. Ke2 Kc7 44. Kf3 Kc6 45. Ke2 Kd6 46. Kf2 Ke5 47. Kf3 Nb7 48. Bxa6 Nxa5 49. Bd3 Nb3 50. Bc2 Nd2+ 51. Ke2 Nc4 52. Bb3 Nd6 53. Kf3 Ne4 54. Ba2 Nc5 55. Bc4 Ne4 56. Ba2 Nc3 57. Bb3 Kd6 58. Kf2 Kc5 59. Ke1 Kb4 60. Be6 Ne4 61. Bd5 Nd6 62. Kd2 Kc5 63. Be6 1/2-1/2

[Event "Olympiad-30"]
[Site "Manila"]
[Date "1992.06.21"]
[Round "12.1"]
[White "Elbilia, Jacques"]
[Black "Mascarinas, Rico"]
[Result "0-1"]
[WhiteElo "2220"]
[BlackElo "2450"]
[PlyCount "82"]
[EventDate "1992.06.08"]
[EventType "team-swiss"]
[EventRounds "14"]
[EventCountry "PHI"]
[SourceTitle "TD"]
[Source "ChessBase"]
[SourceDate "1994.03.01"]
[SourceVersion "1"]
[SourceVersionDate "1994.03.01"]
[SourceQuality "1"]
[WhiteTeam "Morocco"]
[BlackTeam "Philippines II"]
[WhiteTeamCountry "MAR"]
[BlackTeamCountry "PHI"]

1. d4 c5 2. d5 Nf6 3. c4 d6 4. Nc3 g6 5. e4 Bg7 6. f4 0-0 7. Nf3 e6 8. Be2 exd5 9. cxd5 Bg4 10. 0-0 Re8 11. e5 Bxf3 12. Bxf3 dxe5 13. fxe5 Rxe5 14. Bf4 Re8 15. Qd2 Nbd7 16. d6 Qb6 17. Nd5 Nxd5 18. Bxd5 Bd4+ 19. Kh1 Nf6 20. Bb3 Rad8 21. Rae1 Qc6 22. Rxe8+ Qxe8 23. Bg3 Kg7 24. Qf4 Qc6 25. Re1 Re8 26. Rxe8 Qxe8 27. Bh4 h6 28. Bxf6+ Bxf6 29. g3 Bxb2 30. Kg2 b5 31. Bd5 Qd7 32. Qf3 a6 33. h4 Bf6 34. Qf4 g5 35. hxg5 hxg5 36. Qf3 Qxd6 37. Be4 Qd2+ 38. Kh3 Qxa2 39. Bb7 Qd2 40. Bd5 Qc2 41. Qg4 Qf2 0-1

[Event "Olympiad-30"]
[Site "Manila"]
[Date "1992.06.16"]
[Round "8.1"]
[White "Mascarinas, Rico"]
[Black "Rivas Pastor, Manuel"]
[Result "1/2-1/2"]
[WhiteElo "2450"]
[BlackElo "2520"]
[PlyCount "75"]
[EventDate "1992.06.08"]
[EventType "team-swiss"]
[EventRounds "14"]
[EventCountry "PHI"]
[SourceTitle "TD"]
[Source "ChessBase"]
[SourceDate "1994.03.01"]
[SourceVersion "1"]
[SourceVersionDate "1994.03.01"]
[SourceQuality "1"]
[WhiteTeam "Philippines II"]
[BlackTeam "Spain"]
[WhiteTeamCountry "PHI"]
[BlackTeamCountry "ESP"]

1. d4 Nf6 2. c4 e6 3. Nf3 b6 4. g3 Ba6 5. Nbd2 b5 6. Bg2 bxc4 7. Qa4 Nd5 8. Nxc4 Bb4+ 9. Ncd2 0-0 10. a3 Bxd2+ 11. Bxd2 f5 12. Ne5 d6 13. Nc4 Qd7 14. Qxd7 Nxd7 15. Rc1 N7f6 16. 0-0 Rfb8 17. b4 Bxc4 18. Rxc4 a5 19. Bxd5 Nxd5 20. bxa5 Rb2 21. Rd1 g5 22. Kf1 g4 23. Ke1 Kf7 24. Rdc1 Ke8 25. Bc3 Ra2 26. Bb4 Kd7 27. Kd1 Ra6 28. R4c2 Rxc2 29. Rxc2 Rc6 30. Kd2 Rxc2+ 31. Kxc2 Kc6 32. Kb3 Kb5 33. a4+ Ka6 34. Bd2 Nf6 35. Kc4 Ne4 36. Be1 Nf6 37. Bd2 Ne4 38. Be1 1/2-1/2

[Event "Olympiad-30"]
[Site "Manila"]
[Date "1992.06.11"]
[Round "4.1"]
[White "Suba, Mihai"]
[Black "Mascarinas, Rico"]
[Result "1/2-1/2"]
[WhiteElo "2520"]
[BlackElo "2450"]
[PlyCount "107"]
[EventDate "1992.06.08"]
[EventType "team-swiss"]
[EventRounds "14"]
[EventCountry "PHI"]
[SourceTitle "TD"]
[Source "ChessBase"]
[SourceDate "1994.03.01"]
[SourceVersion "1"]
[SourceVersionDate "1994.03.01"]
[SourceQuality "1"]
[WhiteTeam "Romania"]
[BlackTeam "Philippines II"]
[WhiteTeamCountry "ROU"]
[BlackTeamCountry "PHI"]

1. d4 Nf6 2. c4 e6 3. Nc3 d5 4. Nf3 c6 5. e3 Nbd7 6. Bd3 Bd6 7. e4 dxe4 8. Nxe4 Nxe4 9. Bxe4 Bb4+ 10. Ke2 0-0 11. Bc2 Bd6 12. Qd3 f5 13. Rd1 Qe8 14. Kf1 Qh5 15. h3 e5 16. dxe5 Bxe5 17. Nxe5 Nxe5 18. Qc3 f4 19. Re1 Ng6 20. Bd1 Qg5 21. b3 Bf5 22. Bb2 Nh4 23. Bf3 Rae8 24. Rad1 Qg6 25. Rxe8 Rxe8 26. Rd4 Nxf3 27. Qxf3 Be4 28. Qg4 Qxg4 29. hxg4 f3 30. gxf3 Bxf3 31. Rd7 g6 32. Rg7+ Kf8 33. Rxb7 Rd8 34. Kg1 a6 35. g5 Rd2 36. Bg7+ Ke8 37. a4 Ra2 38. Bf6 Bd1 39. Kg2 Rd2 40. a5 Rd3 41. b4 Bb3 42. c5 Rd7 43. Rb6 Bc4 44. Kg3 Bb5 45. Kf4 Kf7 46. Be5 Ke6 47. Bd6 Kd5 48. Rb8 Rf7+ 49. Ke3 Kc4 50. f4 Kxb4 51. Kd4 Rf5 52. Be5 Rf7 53. Rd8 Rb7 54. Rb8 1/2-1/2

[Event "Olympiad-30"]
[Site "Manila"]
[Date "1992.06.08"]
[Round "1.1"]
[White "Khalifman, Alexander"]
[Black "Mascarinas, Rico"]
[Result "1-0"]
[WhiteElo "2625"]
[BlackElo "2450"]
[PlyCount "53"]
[EventDate "1992.06.08"]
[EventType "team-swiss"]
[EventRounds "14"]
[EventCountry "PHI"]
[SourceTitle "TD"]
[Source "ChessBase"]
[SourceDate "1994.03.01"]
[SourceVersion "1"]
[SourceVersionDate "1994.03.01"]
[SourceQuality "1"]
[WhiteTeam "Russia"]
[BlackTeam "Philippines II"]
[WhiteTeamCountry "RUS"]
[BlackTeamCountry "PHI"]

1. d4 d5 2. c4 dxc4 3. e4 Nc6 4. Be3 Nf6 5. Nc3 e5 6. d5 Ne7 7. Bxc4 Ng6 8. Nf3 Bd6 9. Bb5+ Nd7 10. 0-0 0-0 11. Re1 a6 12. Bf1 Nf6 13. h3 b5 14. Nd2 Ne7 15. a4 b4 16. Ne2 c6 17. dxc6 Nxc6 18. Rc1 Na5 19. Ng3 Be6 20. Nf5 Bxf5 21. exf5 Nd5 22. Ne4 Nxe3 23. Rxe3 Be7 24. Rd3 Qb6 25. f6 gxf6 26. Qh5 Qe6 27. Nc5 1-0

[Event "Cebu"]
[Site "Cebu"]
[Date "1992.??.??"]
[Round "5"]
[White "Mascarinas, Rico"]
[Black "Donguines, Fernie"]
[Result "0-1"]
[WhiteElo "2450"]
[BlackElo "2435"]
[PlyCount "56"]
[EventDate "1992.05.??"]
[EventType "tourn"]
[EventRounds "9"]
[EventCountry "PHI"]
[EventCategory "10"]
[SourceTitle "CBM 031"]
[Source "ChessBase"]
[SourceDate "1992.12.01"]
[SourceVersion "1"]
[SourceVersionDate "1992.12.01"]
[SourceQuality "1"]

1. e4 d6 2. d4 g6 3. Nc3 Bg7 4. Be3 Nf6 5. f3 c6 6. Qd2 0-0 7. Bh6 b5 8. Bxg7 Kxg7 9. a4 bxa4 10. Rxa4 Nbd7 11. b3 c5 12. d5 a5 13. Bb5 Qb6 14. Nge2 e6 15. dxe6 fxe6 16. Bxd7 Nxd7 17. h4 h6 18. f4 Ra7 19. h5 g5 20. e5 c4 21. Rxc4 dxe5 22. Na4 Qb7 23. fxg5 Qxg2 24. Rg1 Qf2+ 25. Kd1 Ba6 26. Rcg4 Nb8 27. gxh6+ Kh8 28. Rg7 Rd7 0-1

[Event "Asia Cities-ch"]
[Site "Dubai"]
[Date "1992.??.??"]
[Round "6"]
[White "Mascarinas, Rico"]
[Black "Mishra, Neeraj Kumar"]
[Result "0-1"]
[WhiteElo "2450"]
[BlackElo "2335"]
[PlyCount "96"]
[EventDate "1992.??.??"]
[EventType "team"]
[EventRounds "9"]
[EventCountry "UAE"]
[SourceTitle "CBM 032 Extra"]
[Source "ChessBase"]
[SourceDate "1993.03.01"]
[SourceVersion "1"]
[SourceVersionDate "1993.03.01"]
[SourceQuality "1"]

1. e4 c5 2. Nf3 e6 3. d4 cxd4 4. Nxd4 Nc6 5. g3 a6 6. Bg2 Qc7 7. 0-0 Nf6 8. Nc3 d6 9. Re1 Bd7 10. a4 Be7 11. Nb3 0-0 12. a5 Ne5 13. h3 Nc4 14. Qd4 Rac8 15. g4 Ne8 16. g5 f6 17. f4 fxg5 18. fxg5 g6 19. h4 Ng7 20. Nd2 d5 21. Qd3 Qc5+ 22. Kh1 Qf2 23. Re2 Qxh4+ 24. Qh3 Qxh3+ 25. Bxh3 Nh5 26. Nf1 d4 27. Na4 Rcd8 28. e5 Rxf1+ 29. Bxf1 Ng3+ 30. Kg1 Nxe2+ 31. Bxe2 Nxe5 32. Nb6 Bc6 33. Bf4 Nf3+ 34. Bxf3 Bxf3 35. Re1 Bg4 36. Bc7 d3 37. cxd3 Rxd3 38. Bf4 Rf3 39. Bd2 Bc5+ 40. Kg2 Rf2+ 41. Kg3 Rxd2 42. Kxg4 Bxb6 43. axb6 Rd6 44. Rc1 Rxb6 45. Rc8+ Kf7 46. Rc7+ Kf8 47. Kf4 Rxb2 48. Rxh7 Rb5 0-1

[Event "Cebu"]
[Site "Cebu"]
[Date "1992.??.??"]
[Round "2"]
[White "Mascarinas, Rico"]
[Black "Murshed, Niaz"]
[Result "1/2-1/2"]
[WhiteElo "2450"]
[BlackElo "2505"]
[PlyCount "54"]
[EventDate "1992.05.??"]
[EventType "tourn"]
[EventRounds "9"]
[EventCountry "PHI"]
[EventCategory "10"]
[SourceTitle "CBM 031"]
[Source "ChessBase"]
[SourceDate "1992.12.01"]
[SourceVersion "1"]
[SourceVersionDate "1992.12.01"]
[SourceQuality "1"]

1. d4 d5 2. c4 dxc4 3. e4 c5 4. Nf3 cxd4 5. Qxd4 Qxd4 6. Nxd4 a6 7. Bxc4 e6 8. Be3 Nf6 9. f3 Bb4+ 10. Nd2 Nbd7 11. a3 Bd6 12. Rc1 Ne5 13. Be2 Bd7 14. N4b3 0-0 15. Bd4 Rfc8 16. 0-0 Rxc1 17. Rxc1 Rc8 18. Rxc8+ Bxc8 19. f4 Nc6 20. Be3 Bc7 21. Bf3 e5 22. f5 b6 23. g4 Bb7 24. Nb1 Nd4 25. Nxd4 exd4 26. Bxd4 Bxe4 27. Bxe4 Nxe4 1/2-1/2

[Event "Cebu"]
[Site "Cebu"]
[Date "1992.??.??"]
[Round "9"]
[White "Mascarinas, Rico"]
[Black "Rogers, Ian"]
[Result "1/2-1/2"]
[WhiteElo "2450"]
[BlackElo "2550"]
[PlyCount "24"]
[EventDate "1992.05.??"]
[EventType "tourn"]
[EventRounds "9"]
[EventCountry "PHI"]
[EventCategory "10"]
[SourceTitle "CBM 031"]
[Source "ChessBase"]
[SourceDate "1992.12.01"]
[SourceVersion "1"]
[SourceVersionDate "1992.12.01"]
[SourceQuality "1"]

1. d4 e6 2. Nf3 Nf6 3. c4 Bb4+ 4. Nbd2 b6 5. g3 Bb7 6. Bg2 0-0 7. 0-0 Bxd2 8. Bxd2 d6 9. b3 Nbd7 10. Bc3 Qc8 11. Qd3 Be4 12. Qe3 Qb7 1/2-1/2